| 000 | nam a22 a 4500 | ||
|---|---|---|---|
| 999 |
_c139546 _d139546 |
||
| 003 | BLK | ||
| 005 | 20221221102731.0 | ||
| 008 | 180409b bul|||||r ||||||| ||bul|| | ||
| 010 | _aKNG00145593000 | ||
| 040 | _aBLK | ||
| 041 |
_aBUL _cBUL |
||
| 080 |
_aБългарска литература _b821.163.2 _x-93-1 _z821.163.2-93-1 |
||
| 100 | 1 |
_aДушков, Атанас Гаврилов _eпърви автор _9365078 |
|
| 139 |
_aДушков, Атанас Гаврилов _bД 94 |
||
| 245 | 1 | 0 |
_aАБВ _bСтихотворения за деца _cАтанас Гаврилов Душков; худож. Георги Ковачев. |
| 250 | _a2. изд. | ||
| 257 | _aBGR | ||
| 260 |
_aСофия _bБълг. художник _c1966 _fСофия : Балкан |
||
| 300 |
_a32 с. _bс ил. _c22 см |
||
| 380 | _aDX | ||
| 500 | _aКор опис. - 1. изд. 1957. - 45 000 тир. | ||
| 653 | _aлитература за деца | ||
| 653 | _aдетска литература | ||
| 700 | 1 |
_aКовачев, Георги _eхудож. _9368262 |
|
| 852 |
_aЦб 260779 _bЦб |
||
| 856 | 4 |
_qpdf _i0.00 _ldisable |
|
| 856 | 4 |
_qpdf _i0.00 _ldisable |
|
| 942 |
_cKNG _n0 _s1 |
||
| 944 |
_aCR _c11.07.2013 _l11.07.2013 - от С1,Р / 11.07.2013 _kПолина_Златанова |
||
| 944 |
_aED _c2022-12-21 _l2022-12-21 _kир |
||
| 999 | _d139546 | ||